| 000 | 00915cam a2200301 a 4500 | ||
|---|---|---|---|
| 001 | 2362 | ||
| 005 | 20231121134417.0 | ||
| 020 | _a9780439639057 | ||
| 020 | _a0439639050 | ||
| 020 | _a9780439639057 | ||
| 040 |
_aDLC _cDLC _dBAKER _dC#P _dVP@ _dBTCTA _dDLC _beng |
||
| 050 | 0 | 0 |
_aPZ7.A7379 _bSh 2006 |
| 082 | 0 | 0 |
_a813.6 _222 |
| 100 | 1 | _aArnold, Tedd | |
| 245 | 1 | 0 |
_aShoo, Fly Guy! / _cTedd Arnold. |
| 250 | _aFirst printing, September 2006 | ||
| 260 |
_aNew York : _bScholastic, _c2006 |
||
| 300 |
_a30 pages : _bcolor Illustrations _c22 cm |
||
| 500 | _a"Cartwheel books." | ||
| 500 | _a"A Theodor Seuss Geisel honor book"--P. [4] of cover. | ||
| 505 | _aF | ||
| 520 | _aA pet fly searches for his favorite brown, oozy, lumpy, smelly food. | ||
| 521 |
_a410 _bLexile |
||
| 521 |
_aF _bRaz-Plus |
||
| 650 | 1 |
_aFlies _vFiction. |
|
| 906 |
_a7 _bcbc _corignew _d1 _eecip _f20 _gy-gencatlg |
||
| 942 |
_2ddc _cBK _n0 |
||
| 999 |
_c2362 _d2362 |
||